000 01241nam a2200301 i 4500
003 EG-GICUC
005 20260408103655.0
008 260408s2005 |||||||fr|||| 00| 0 ara d
040 _a EG-GICUC
_bara
_c EG-GICUC
_d EG-GICUC
_erda
082 0 4 _221
_a341.6
_bم ح . هـ
092 0 4 _221
099 _aLaw1 11 341.6 م ح . هـ 2005
100 0 _aمحسن على جاد
_eمؤلف.
245 1 2 _aالهجوم الأمريكي - البريطاني على العراق :
_bمن وجهة نظر القانون الدولى سقوط نظرية الحرب الوقائية /
_cمحسن على جاد.
264 1 _aالقاهرة :
_bالهيئة المصرية العامة للكتاب،
_c2005.
300 _a252صفحة
_bإيضاحيات، صور، مثيليات ؛
_c24 سم
336 _2rda content
_atext
337 _2rda media
_aComputer
338 _2rda carrier
_aOnline Resource
504 _a
546 _aالنص باللغة العربية
590 _aإهداء مكتبة الأستاذ الدكتور صلاح عامر
650 1 _aالقانون الدولي العام
_2
651 1 _2
856 4 0 _uhttps://fll.law.cu.edu.eg/fulltext/bks/B11-07783.pdf
905 _a50
942 _2ddc
_cBK
_e21
_n0
999 _c69580
_d69580